Bagaimana mengurus prestasi : (Record no. 133912)

MARC details
000 -LEADER
fixed length control field 00776nam a2200253 i 4500
001 - CONTROL NUMBER
control field C2-0335817
003 - CONTROL NUMBER IDENTIFIER
control field PPAK
005 - DATE AND TIME OF LATEST TRANSACTION
control field 20180728135115.0
008 - FIXED-LENGTH DATA ELEMENTS--GENERAL INFORMATION
fixed length control field 160224s2006 my |||| ||||| | may d
020 ## - INTERNATIONAL STANDARD BOOK NUMBER
International Standard Book Number 007143531X ; 9789833219582
040 ## - CATALOGING SOURCE
Original cataloging agency PPAK
Language of cataloging eng
Transcribing agency PPAK
Description conventions rda
082 04 - DEWEY DECIMAL CLASSIFICATION NUMBER
Classification number 658.3125
Edition number 23
090 00 - LOCALLY ASSIGNED LC-TYPE CALL NUMBER (OCLC); LOCAL CALL NUMBER (RLIN)
Classification number (OCLC) (R) ; Classification number, CALL (RLIN) (NR) 658.3125
Feature heading BAC
Feature heading G
100 1# - MAIN ENTRY--PERSONAL NAME
Personal name Bacal, Robert,
Relator term author
245 10 - TITLE STATEMENT
Title Bagaimana mengurus prestasi :
Remainder of title 24 pengajaran untuk meningkatkan prestasi
264 #1 - PRODUCTION, PUBLICATION, DISTRIBUTION, MANUFACTURE, AND COPYRIGHT NOTICE
Place of production, publication, distribution, manufacture Kuala Lumpur :
Name of producer, publisher, distributor, manufacturer McGraw-Hill ,
Date of production, publication, distribution, manufacture, or copyright notice 2006
300 ## - PHYSICAL DESCRIPTION
Extent ix, 48 pages ;
Dimensions 23 cm
336 ## - CONTENT TYPE
Source rdacontent
Content type term text
337 ## - MEDIA TYPE
Source rdamedia
Media type term unmediated
338 ## - CARRIER TYPE
Source rdacarrier
Carrier type term volume
650 10 - SUBJECT ADDED ENTRY--TOPICAL TERM
Topical term or geographic name entry element Performance standards. ; Performance - Evaluation.
700 0# - ADDED ENTRY--PERSONAL NAME
Personal name Adibah Amin,
Relator term editor
942 ## - ADDED ENTRY ELEMENTS (KOHA)
-- dc
Koha item type Book
Holdings
Withdrawn Not for loan Current library Shelving location Date acquired Full call number Barcode Date last seen Koha item type
    Perpustakaan Alor Setar Pinjaman Dewasa 24/02/2016 658.3125 BAC A00877400 09/05/2018 Book
    Perpustakaan Awam Sungai Petani Pinjaman Dewasa 24/02/2016 658.3125 BAC A00877401 09/05/2018 Book